Normal view
MARC view
Entry Personal Name
001 - CONTROL NUMBER
- control field: 523355
003 - CONTROL NUMBER IDENTIFIER
- control field: OSt
005 - DATE AND TIME OF LATEST TRANSACTION
- control field: 20220930063655.0
008 - FIXED-LENGTH DATA ELEMENTS
- fixed length control field: 220930|| aca||aabn | a|a d
040 ## - CATALOGING SOURCE
- Original cataloging agency: OSt
- Transcribing agency: OSt
100 ## - HEADING--PERSONAL NAME
- Personal name: Chanchal Singh
670 ## - SOURCE DATA FOUND
- Source citation: Work cat.: (OSt)857178: Chanchal Singh, Treatment of fractures of patella by various surgical procedures and their effects on the functions of knee, 1987
